000 00268 a2200121 4500
001 154279
040 _cEscola São Tomás de Aquino
100 _aMARQUES, Cristina
240 1 0 _aPinóquio
_lpor
245 1 0 _aPinóquio
697 _a*LITERATURA INFANTIL
942 _cBK
999 _c154279
_d154279